[Event "XLII San Sebastian Open 2019"]
[Site "San Sebastian"]
[Date "2019.04.17"]
[Round "6.7"]
[White "Suarez Garcia, Carlos"]
[Black "Moreno Estebanez, Patxi"]
[Result "1-0"]
[WhiteElo "2424"]
[BlackElo "2153"]
[Annotator "TA"]
[PlyCount "77"]
[EventDate "2019.04.13"]
[EventType "swiss"]
[EventCountry "ESP"]
[SourceTitle "playchess.com"]
[Source "ChessBase"]
[SourceQuality "1"]

{[%evp 18,77,45,0,21,14,14,-162,-162,-181,-177,-372,-45,-274,-91,-96,-96,-84,-81,-89,282,274,247,185,189,187,165,104,104,104,184,183,181,180,240,243,236,241,241,179,168,165,308,310,478,447,479,413,332,309,493,462,494,468,756,753,959,959,962,939,861,843]} 1. Nf3 Nf6 2. b3 g6 3. Bb2 Bg7 4. g3 O-O 5. Bg2 c5 6. c4 Nc6 7. O-O d6 8. d4 Ne4 9. e3 Bg4 10. Qc2 Bf5 {Strongly threatening ...Nxg3! E60: King's Indian: Unusual lines and Fianchetto Variation without Nc3} (10... Bxf3 11. Bxf3 Ng5 12. Bxc6 bxc6 13. dxc5 Bxb2 14. Qxb2 dxc5 15. Nc3 Qd3 16. Rad1 Qf5 17. Qe2 Rad8 18. h4 Ne4 19. Nxe4 Qxe4 20. Rxd8 Rxd8 21. Rd1 {½-½ (21) Tomashevsky,E (2710)-Yuffa,D (2527) Sochi 2017}) 11. Qe2 $146 ({Predecessor:} 11. Qc1 Nf6 12. Nh4 Be4 13. d5 Bxg2 14. Nxg2 Na5 15. Nd2 b5 16. e4 bxc4 17. bxc4 Rb8 18. Bc3 {1-0 (35) Liu,Y (2495)-Quizon,D (2314) Makati 2018}) 11... Bg4 12. dxc5 $2 (12. Nbd2 $11 {and White stays safe.} Ng5 13. Qe1 Nh3+ 14. Kh1) 12... Ne5 $19 {Black is clearly better.} (12... Nxc5 13. Bxg7 Kxg7 14. h3 $11) (12... dxc5 13. h3 $11) 13. Kh1 Qc8 {Threatens to win with ...Bxf3.} ({Weaker is} 13... Nxc5 14. h3 $11) 14. cxd6 $2 (14. Bxe5 Bxe5 15. Nbd2 Nxd2 16. Qxd2 Bxa1 17. Rxa1) 14... Qf5 $2 ({Black should try} 14... Bxf3 $19 15. Bxf3 Nxf3 16. Qxf3 Bxb2 17. dxe7 Re8 18. Qxe4 Bxa1) 15. Nc3 $2 ({Don't go for} 15. dxe7 $2 Bxf3 16. exf8=Q+ (16. exf8=R+ $2 Rxf8 17. Bxf3 Nxf3 $19) 16... Rxf8 $19) ({White must play} 15. Bxe5 $1 $15 Bxe5 16. dxe7) 15... Nxf3 $2 (15... Bxf3 $19 {is more deadly.} 16. Bxf3 Nxc3 17. Bxc3 Nxf3) 16. Nxe4 $17 {And now Bxg7 would win.} Qh5 {[%csl Gf3][%cal Rh5h2]} (16... Qxe4 17. dxe7 Rfe8 18. Bxg7 $15) 17. h3 Bxb2 18. dxe7 {[#]} Bg7 $2 {[%mdl 8192]} (18... Bxh3 $1 $17 {[%mdl 512] and life is bright. ( -> ...Bg4+)} 19. exf8=Q+ Kxf8 20. Bxf3 Bxf1+ {[%mdl 64] Discovered Attack} 21. Bxh5 Bxe2 22. Bxe2 Bxa1) 19. exf8=Q+ $18 ({But not} 19. exf8=B Rxf8 20. Rab1 Re8 $18) 19... Rxf8 20. Ng5 Qxg5 21. Bxf3 Bxh3 22. Rad1 ({Better is} 22. Bxb7 $18 Bxa1 23. Rxa1) 22... Bxf1 $16 23. Qxf1 b6 {[#]} (23... Qe7 $16 24. Qd3 Bf6) 24. Rd7 $1 $18 h5 25. Qd3 Qf6 (25... h4 {might work better.}) 26. Kg2 h4 {[#]} 27. gxh4 $1 Qxh4 28. Qe4 Qg5+ 29. Qg4 Qf6 (29... Qxg4+ {was called for.} 30. Bxg4 a5) 30. Rxa7 Bh6 (30... Re8 {is a better defense.} 31. Bd5 Re7) 31. Bd5 Kg7 32. Qf3 Bg5 33. Rb7 Qxf3+ (33... Qd6 $142 34. Qg4 Bf6) 34. Kxf3 {KRB-KRB. White is clearly winning.} Bd8 35. Kg4 Kf6 (35... g5 $142 36. Kf5 Kh6) 36. f4 Kg7 37. e4 Kg8 38. e5 Kg7 39. Rd7 {Accuracy: White = 50%, Black = 34%.} 1-0

[Event "XLII San Sebastian Open 2019"]
[Site "San Sebastian"]
[Date "2019.04.17"]
[Round "6.8"]
[White "Alcazar Jimenez, Victor"]
[Black "Pastor Pons, Pedro Maria"]
[Result "1-0"]
[WhiteElo "2363"]
[BlackElo "2027"]
[Annotator "TA"]
[PlyCount "127"]
[EventDate "2019.04.13"]
[EventType "swiss"]
[EventCountry "ESP"]
[SourceTitle "playchess.com"]
[Source "ChessBase"]
[SourceQuality "1"]

{[%evp 9,127,22,31,21,18,0,11,2,37,22,33,33,49,35,46,-29,-29,-50,-41,-28,-29,-59,0,0,0,0,0,-16,19,-6,39,44,63,56,45,5,80,31,102,112,138,153,143,105,128,73,70,68,83,-73,0,-6,0,0,0,-31,-6,-70,-41,-160,-165,-159,-143,-439,-400,-497,6,7,202,211,317,397,330,385,389,386,372,360,360,345,414,409,388,393,434,412,424,297,731,700,810,782,1008,900,768,660,1284,1102,1897,2013,29971,29971,29974,29975,29976,29977,29977,29978,29978,29979,29980,29981,29981,29982,29982,29983,29983,29984,29984,29985]} 1. c4 e5 2. g3 Nc6 3. Bg2 Bc5 4. Nc3 a6 5. e3 d6 6. Nge2 {A25: English Opening vs King's Indian with ...Nc6 but without early d3} (6. Nf3 Nf6 7. O-O O-O 8. h3 Ba7 9. d4 h6 10. dxe5 dxe5 11. Qxd8 Rxd8 12. b3 Be6 13. Ba3 Rd7 14. Rfd1 Rad8 15. Rxd7 Rxd7 {½-½ (41) Howell,D (2676)-Ponomariov,R (2694) Riadh 2017}) 6... Ba7 7. Rb1 Nge7 8. b4 {The position is equal.} Ng6 $146 ({Predecessor:} 8... Rb8 9. O-O Bf5 10. d3 Qd7 11. b5 axb5 12. Nxb5 Bb6 13. Nec3 {0-1 (77) Flores,D (2579)-Salinas Herrera,P (2466) Doha 2016}) 9. O-O h5 10. h3 h4 11. g4 f5 12. f3 (12. b5 $14 axb5 13. gxf5 Bxf5 14. Rxb5) 12... Be6 $11 13. Nd5 Nce7 14. Qc2 Qd7 15. Kh2 Nxd5 (15... O-O $15) 16. cxd5 Bxd5 17. gxf5 Ne7 18. e4 Bf7 (18... Qc6 $5 {[%cal Rc6c2]} 19. Rb2 Bf7 $11) 19. f4 Nc6 20. d3 Qe7 21. a3 Bb6 22. Bd2 Rg8 (22... Bh5 $1 $11 23. Nc3 Bf7) 23. Bf3 a5 ({Black should try} 23... exf4 $14 24. Nxf4 (24. Bxf4 Ne5 $11) 24... O-O-O) 24. b5 $16 Nd4 25. Nxd4 Bxd4 26. Rbc1 Bb6 27. a4 (27. Bg4 $142) 27... O-O-O 28. Qd1 exf4 29. Bxf4 $2 {[#]} (29. Qe1 $1 $16) 29... Qf6 ({Black should play} 29... g6 $1 $17) 30. Bg2 $11 Kb8 31. Qf3 {Hoping for e5.} d5 $1 32. Rc2 (32. Be3 $5 {[%cal Re3b6]}) 32... Rd7 33. Rfc1 (33. Kh1 $11) 33... g5 34. fxg6 (34. Bd2 $15) 34... Qxg6 35. Be5 Be6 36. Qf4 $2 {[%mdl 8192]} (36. Kh1 $17) 36... Rf7 $19 37. Qxh4 dxe4 $2 (37... Rh7 $19 38. Qg3 {[#]} Qh5 $1 {[%mdl 512]} 39. Rxc7 Bxc7 40. Bxc7+ Ka8) 38. Bxe4 $11 Bf5 $2 (38... Qg5 $1 $11 39. Qxg5 Rxg5) 39. Rg2 $18 Qh7 (39... Bxe4 $142 40. Rxg6 Bxg6) 40. Qxh7 Rxg2+ 41. Kxg2 Bxh7 42. Bxh7 Rxh7 {[%mdl 4096] Endgame KRB-KRB} 43. d4 Kc8 44. Kg3 Kd7 45. Kg4 Ke6 46. h4 Rd7 47. Rd1 c6 48. h5 c5 $2 (48... cxb5 49. axb5 Bc7 50. Bxc7 Rg7+ 51. Kf4 Rf7+ 52. Kg4 Rg7+ 53. Kh4 Rxc7) 49. Re1 Kf7 50. Rf1+ Kg8 51. Rf6 Bc7 52. Rg6+ Kh7 53. Kf5 cxd4 54. Ke6 Bxe5 55. Kxd7 {KR-KB. White mates.} d3 56. Rg1 Bf4 57. Rd1 d2 58. b6 Kh6 59. Kc8 Kxh5 60. Kxb7 Kg4 61. Ka6 Kf3 62. Kxa5 Ke2 {[#]} 63. Rxd2+ $3 {[%mdl 512]} Kxd2 64. Kb5 {Accuracy: White = 55%, Black = 29%.} 1-0

[Event "XLII San Sebastian Open 2019"]
[Site "San Sebastian"]
[Date "2019.04.17"]
[Round "6.9"]
[White "Prieto Aranguren, Alain"]
[Black "Torres Ganuza, Francisco Javier"]
[Result "1-0"]
[WhiteElo "2257"]
[BlackElo "2018"]
[Annotator "TA"]
[PlyCount "130"]
[EventDate "2019.04.13"]
[EventType "swiss"]
[EventCountry "ESP"]
[SourceTitle "playchess.com"]
[Source "ChessBase"]
[SourceQuality "1"]

{[%evp 15,130,56,79,68,72,87,83,87,75,48,64,5,23,14,60,45,60,38,82,78,80,101,116,73,71,64,67,61,57,69,76,69,82,69,83,82,112,127,120,95,138,90,108,71,106,104,111,112,112,121,104,68,76,54,56,42,49,18,18,16,143,135,127,102,94,93,83,77,139,76,100,45,46,37,38,31,37,0,0,0,0,0,0,0,0,0,5,0,0,3,25,22,25,0,0,0,4,2,5,0,0,0,4,0,0,0,0,0,0,0,0,0,0,-1,0,0,0]} 1. d4 Nf6 2. c4 g6 3. Nf3 Bg7 4. Nc3 d5 5. Qb3 dxc4 6. Qxc4 O-O 7. e4 c6 8. Be2 Na6 9. O-O {D97: Grünfeld: Russian System: 7 e4, replies other than 7...Bg4} Be6 10. Qa4 Nc7 11. Bf4 {White is better.} (11. Rd1 a5 12. Qc2 b5 13. a4 Na6 14. axb5 Nb4 15. Qa4 cxb5 16. Bxb5 Nd7 {½-½ (24) Riegler,D (2013)-Urytskyy,A (2176) Templin 2017}) 11... Nd7 $146 ({Predecessor:} 11... Bg4 12. Rfd1 Qc8 13. Rac1 Ne6 14. Be3 Qe8 15. h3 Bxf3 16. Bxf3 a6 {½-½ (30) De Lussac,O (1590)-Niepceron,L (1822) Agneaux 2014}) 12. Qc2 Nb6 13. Na4 (13. h3 $14) 13... Nxa4 14. Qxa4 h6 15. Rac1 Ne8 16. Rfd1 Nf6 {[#]} 17. Qc2 $1 Qa5 18. b3 Rac8 19. Ne5 Nd7 {[%cal Rd7e5]} 20. Nc4 Bxc4 21. Bxc4 e5 22. Bd2 $36 {[%mdl 2048] White fights for an advantage.} Qa3 23. dxe5 Nxe5 24. Be2 Qe7 25. Be3 b6 26. f4 Nd7 {[%cal Be5d7,Bd7b8,Bb8a6,Ba6b4,Bb4c6,Bc6d4][%mdl 32]} 27. Bf3 Nb8 28. Rd3 Rfd8 29. Rcd1 c5 30. e5 Na6 31. Qd2 {[%cal Rd3d8]} Rxd3 32. Qxd3 Nb4 33. Qd2 Bf8 34. a3 Nc6 35. Qc2 Qc7 36. e6 Nd4 $1 {[%cal Rd4c2]} 37. exf7+ Kxf7 (37... Kh7 $11 38. Bxd4 cxd4 39. Qxc7 Rxc7) 38. Qc4+ $16 Kg7 39. Bxd4+ cxd4 40. Qxd4+ Kh7 {White must now prevent ...Bc5!} 41. Qd7+ Bg7 {[#]} (41... Kh8 $142) 42. b4 ({White should play} 42. Be4 $1) 42... a5 43. Qxc7 (43. Qe6 $16 {aiming for Be4.} Rd8 44. f5 Rxd1+ 45. Bxd1) 43... Rxc7 {[%mdl 4096] Endgame KRB-KRB} 44. Rd6 axb4 45. axb4 Rc4 46. b5 Rxf4 47. Kf1 Bd4 48. Ke2 {Hoping for g3.} Bc5 49. Rd7+ Kh8 50. Kd3 Rf6 51. Ke4 Rd6 52. Rb7 Re6+ 53. Kd5 Re7 54. Rb8+ Kg7 {The position is equal.} 55. Rc8 Bg1 56. h3 Rf7 57. Bg4 h5 58. Bf3 Rf6 59. Kc4 Rf5 60. Bd5 Rf4+ 61. Kc3 g5 62. Rg8+ Kf6 63. Bf3 h4 64. Kd3 Bc5 65. Be4 Be7 {[%mdl 32768] Accuracy: White = 44%, Black = 59%. . Loss on time!?} 1-0

[Event "XLII San Sebastian Open 2019"]
[Site "San Sebastian"]
[Date "2019.04.17"]
[Round "6.10"]
[White "Randazzo, Adrian"]
[Black "Knudsen, Martin"]
[Result "1/2-1/2"]
[WhiteElo "2248"]
[BlackElo "2016"]
[Annotator "TA"]
[PlyCount "120"]
[EventDate "2019.04.13"]
[EventType "swiss"]
[EventCountry "ESP"]
[SourceTitle "playchess.com"]
[Source "ChessBase"]
[SourceQuality "1"]

{[%evp 32,120,28,25,43,48,64,15,18,0,37,47,85,62,64,62,70,41,50,51,43,49,60,50,53,37,63,16,27,23,66,60,112,103,105,112,91,49,93,93,93,93,93,93,93,93,93,93,93,15,17,16,43,13,13,0,0,0,0,0,0,0,0,0,0,0,0,0,0,0,0,0,0,0,0,0,0,0,0,0,0,0,0,0,0,0,0,0,0,0,0]} 1. e4 c6 2. d4 d5 3. Nd2 dxe4 4. Nxe4 Bf5 5. Ng3 Bg6 6. h4 h6 7. Nf3 Nd7 8. h5 Bh7 9. Bd3 Bxd3 10. Qxd3 e6 11. Bd2 Qc7 12. O-O-O Ngf6 13. Ne4 O-O-O 14. g3 Nxe4 15. Qxe4 Nf6 16. Qe2 Bd6 17. Kb1 Kb8 {B19: Classical Caro-Kann: 4...Bf5 main line} 18. c4 {[#] c5 is the strong threat.} c5 19. dxc5 (19. Bc3 cxd4 20. Nxd4 a6 21. Nb3 Qc6 22. Rh4 Bc7 23. Rc1 Rhe8 24. c5 e5 25. Ba5 {1-0 (41) Safarli,E (2641)-Paichadze,L (2581) Kocaeli 2017}) 19... Qxc5 20. Bc3 Bc7 $146 ({Predecessor:} 20... Qf5+ 21. Ka1 Bc7 22. Bxf6 Qxf6 23. Nd2 Qf5 24. Ne4 Qe5 25. f4 {0-1 (38) Kiani,R (1694)-Khachatourians,T (1806) Teheran 2017}) 21. Ne5 Qe7 22. a3 Rxd1+ 23. Rxd1 Rd8 24. Rh1 Ne8 25. f4 Ka8 26. Rc1 Bd6 27. b4 Bxe5 28. Bxe5 Qd7 29. Kc2 Qa4+ 30. Kb2 Qd7 31. g4 Nf6 ({Better is} 31... f6 $14 32. Bc3 Nd6) 32. Bc3 Qd3 33. Qxd3 Rxd3 $16 {[%mdl 4096] Endgame KRB-KRN} 34. Rg1 {Strongly threatening g5.} Kb8 35. g5 Nxh5 {[#]} 36. Bxg7 $1 {[%mdl 512]} hxg5 (36... Nxg7 37. gxh6) 37. Be5+ Kc8 38. Rxg5 f6 39. Rxh5 fxe5 40. fxe5 {KR-KR} (40. Rxe5 $16 Rf3 41. Rxe6) 40... Re3 $11 41. a4 a6 42. a5 Kc7 {The position is equal.} 43. b5 axb5 44. cxb5 Kd7 45. Rh7+ Kc8 46. Rh8+ Kc7 $1 47. Rh7+ Kc8 48. Rh5 Kd7 49. Ka2 Kc7 50. Rg5 Kd7 51. Rg7+ Kc8 52. Rg5 Kd7 53. Kb2 Kc7 54. Kc2 Ra3 55. Rg7+ Kc8 56. Rg4 Rxa5 57. Rg6 Rxb5 58. Rxe6 Kd7 59. Rd6+ Ke7 60. Rh6 Rxe5 {Accuracy: White = 53%, Black = 58%.} 1/2-1/2

[Event "XLII San Sebastian Open 2019"]
[Site "San Sebastian"]
[Date "2019.04.17"]
[Round "6.11"]
[White "Uriarte Prieto, Goio"]
[Black "Alcazar Jimenez, Jesus"]
[Result "1/2-1/2"]
[WhiteElo "1925"]
[BlackElo "2189"]
[Annotator "TA"]
[PlyCount "43"]
[EventDate "2019.04.13"]
[EventType "swiss"]
[EventCountry "ESP"]
[SourceTitle "playchess.com"]
[Source "ChessBase"]
[SourceQuality "1"]

{[%evp 21,43,73,87,88,83,89,89,94,95,60,76,70,87,58,88,64,80,77,90,62,120,116,166,127]} 1. d4 c5 2. d5 Nf6 3. c4 b5 4. cxb5 a6 5. bxa6 Bxa6 6. Nc3 d6 7. e4 Bxf1 8. Kxf1 Nbd7 9. Nf3 g6 10. g3 Bg7 11. Kg2 O-O 12. a4 {A59: Benko/Volga Gambit: White castles by hand} Qa5 13. Bd2 Qb6 14. Qe2 {White is better.} Rfb8 $146 ({Predecessor:} 14... Qb3 15. Rhb1 Nb6 16. a5 Nc4 17. Ra4 Nxd2 18. Nxd2 Qb7 19. b4 cxb4 20. Rbxb4 {1-0 (29) Lysyj,I (2624)-Pahomov,R (2132) Uljanovsk 2012}) 15. Rhb1 Ne8 16. Bg5 Kf8 17. Qd2 Qb4 18. Bh6 Nef6 19. Bxg7+ Kxg7 20. Qc2 Nb6 (20... h5 $14) 21. b3 $16 Ne8 22. Qd2 {Accuracy: White = 51%, Black = 35%.} 1/2-1/2

[Event "XLII San Sebastian Open 2019"]
[Site "San Sebastian"]
[Date "2019.04.17"]
[Round "6.12"]
[White "Cabanas Jimenez, Manuel"]
[Black "Arana Garate, Jon"]
[Result "1-0"]
[WhiteElo "2119"]
[BlackElo "1944"]
[Annotator "TA"]
[PlyCount "55"]
[EventDate "2019.04.13"]
[EventType "swiss"]
[EventCountry "ESP"]
[SourceTitle "playchess.com"]
[Source "ChessBase"]
[SourceQuality "1"]

{[%evp 19,55,33,31,31,43,31,44,41,233,234,323,227,251,230,232,224,233,237,229,228,233,227,220,214,311,314,316,302,453,450,473,467,457,397,537,517,1400,1350]} 1. e4 c6 2. Nc3 d5 3. Qf3 dxe4 4. Nxe4 Nf6 5. Bc4 e6 6. Ne2 Nbd7 7. d4 Be7 8. O-O O-O 9. c3 Nxe4 10. Qxe4 Nf6 11. Qf3 {B02: Alekhine's Defence: Chase Variation and lines with early Nc3} Nd5 12. Ng3 b6 $146 ({Predecessor:} 12... Bg5 13. Ne4 Bxc1 14. Raxc1 Qc7 15. Bd3 Qf4 {½-½ (15) Csorsz,F (1930)-Saller,I (1793) Hungary 2015}) 13. Nh5 {White is slightly better.} Bg5 $2 ({Black should play} 13... a5 $14) 14. Qg3 $18 h6 15. Bxd5 exd5 {[#]} 16. h4 $1 {[%cal Rh4g5][%mdl 512]} f6 {and the idea ...Qe8 leaves Black hopeful.} (16... Bxh4 17. Qxg7#) 17. hxg5 $40 {[%mdl 128] White wants a kill.} fxg5 18. Qh2 Qe8 {intending ...Ba6.} 19. Bd2 Qf7 {Now ...Ba6 and Black clings on.} 20. f3 Ba6 21. Rfe1 g4 (21... Rae8 $142 22. Rxe8 Rxe8) 22. f4 Rae8 23. Ng3 Qf6 (23... Bd3 $142 24. Qh4 Qg6) 24. Qh5 Rxe1+ 25. Rxe1 c5 26. Re8 cxd4 27. Qxd5+ Kh8 (27... Qf7 $142 28. Rxf8+ Kxf8 29. Qa8+ Qe8 30. Qxa7 {[%mdl 64] Double Attack} Qc8 31. Qxb6 Bb7) 28. Nh5 {Accuracy: White = 76%, Black = 26%.} 1-0

[Event "XLII San Sebastian Open 2019"]
[Site "San Sebastian"]
[Date "2019.04.18"]
[Round "7.1"]
[White "Del Rio De Angelis, Salvador G."]
[Black "Vazquez Igarza, Renier"]
[Result "1/2-1/2"]
[WhiteElo "2457"]
[BlackElo "2548"]
[Annotator "ChessBase"]
[PlyCount "114"]
[EventDate "2019.04.13"]
[EventType "swiss"]
[EventCountry "ESP"]
[SourceTitle "playchess.com"]
[Source "ChessBase"]
[SourceQuality "1"]
[TimeControl "5400+30"]

1. d4 {[%emt 0:00:12]} Nf6 {[%emt 0:01:14]} 2. c4 {[%emt 0:00:13]} e6 {[%emt 0:00:07]} 3. Nc3 {[%emt 0:00:15]} Bb4 {[%emt 0:00:09]} 4. e3 {[%emt 0:00:17]} O-O {[%emt 0:00:09]} 5. Nge2 {[%emt 0:00:26]} d5 {[%emt 0:00:34]} 6. a3 {[%emt 0:00:17]} Be7 {[%emt 0:00:14]} 7. cxd5 {[%emt 0:00:20]} exd5 {[%emt 0:00:43]} 8. Nf4 {[%emt 0:00:17]} b6 {[%emt 0:06:39]} 9. b4 {[%emt 0:02:45]} c6 {[%emt 0:00:58]} 10. Bd3 {[%emt 0:02:49]} Ba6 {[%emt 0:02:07]} 11. O-O {[%emt 0:06:14]} Bd6 {[%emt 0:09:44]} 12. f3 {[%emt 0:01:19]} Re8 {[%emt 0:04:27]} 13. Ra2 {[%emt 0:09:33]} Bc4 {[%emt 0:07:00]} 14. Raf2 {[%emt 0:00:54]} a5 {[%emt 0:05:01]} 15. b5 {[%emt 0:02:52]} Bxf4 {[%emt 0:00:39]} 16. exf4 {[%emt 0:00:06]} cxb5 {[%emt 0:00:18]} 17. Nxb5 {[%emt 0:00:44]} Qd7 {[%emt 0:02:09]} 18. Rb2 {[%emt 0:00:28]} Nc6 {[%emt 0:03:12]} 19. f5 {[%emt 0:01:30]} Nb4 {[%emt 0:02:33]} 20. Bxc4 {[%emt 0:13:22]} dxc4 {[%emt 0:01:21]} 21. Qa4 {[%emt 0:00:07]} Nfd5 {[%emt 0:06:18]} 22. Nc3 {[%emt 0:00:25]} Qxa4 {[%emt 0:08:58]} 23. Nxa4 {[%emt 0:00:09]} Nd3 {[%emt 0:05:40]} 24. Rb5 {[%emt 0:00:12]} Rad8 {[%emt 0:00:54]} 25. Bd2 {[%emt 0:05:11]} Re2 {[%emt 0:04:53]} 26. Rd1 {[%emt 0:00:13]} Rde8 {[%emt 0:03:26]} 27. h4 {[%emt 0:02:08]} N5f4 {[%emt 0:03:03]} 28. Bxf4 {[%emt 0:00:14]} Nxf4 {[%emt 0:00:02]} 29. Re5 {[%emt 0:00:11]} b5 {[%emt 0:05:36]} 30. g3 {[%emt 0:01:33]} R2xe5 {[%emt 0:03:12]} 31. dxe5 {[%emt 0:00:08]} Nd3 {[%emt 0:00:49]} 32. Nb6 {[%emt 0:00:42]} Rxe5 {[%emt 0:01:03]} 33. a4 {[%emt 0:00:24]} h5 {[%emt 0:02:03]} 34. Kf1 {[%emt 0:01:57]} Nb2 {[%emt 0:04:49]} 35. Rd8+ {[%emt 0:04:18]} Kh7 {[%emt 0:00:01]} 36. Nd7 {[%emt 0:00:10]} Rxf5 {[%emt 0:00:16]} 37. axb5 {[%emt 0:00:16]} Rxb5 {[%emt 0:01:57]} 38. g4 {[%emt 0:00:05]} hxg4 {[%emt 0:00:19]} 39. fxg4 {[%emt 0:00:07]} Kg6 {[%emt 0:00:59]} 40. Ke2 {[%emt 0:00:21]} a4 {[%emt 0:00:30]} 41. Kd2 {[%emt 0:02:40]} a3 {[%emt 0:00:52]} 42. Nf8+ {[%emt 0:00:16]} Kf6 43. Re8 {[%emt 0:01:40]} Rd5+ {[%emt 0:02:11]} 44. Kc2 {[%emt 0:00:57]} g6 {[%emt 0:01:45]} 45. Nh7+ {[%emt 0:01:03]} Kg7 {[%emt 0:00:01]} 46. Ng5 {[%emt 0:00:08]} Nd3 {[%emt 0:01:55]} 47. Ra8 Nb4+ {[%emt 0:01:14]} 48. Kc3 {[%emt 0:03:10]} Nc6 49. Kxc4 {[%emt 0:00:58]} Ra5 {[%emt 0:00:42]} 50. Rxa5 {[%emt 0:00:05]} Nxa5+ {[%emt 0:00:30]} 51. Kc3 {[%emt 0:00:07]} f5 {[%emt 0:00:28]} 52. gxf5 {[%emt 0:01:51]} gxf5 {[%emt 0:00:01]} 53. Nh3 {[%emt 0:00:32]} Kf6 {[%emt 0:00:30]} 54. Nf4 {[%emt 0:02:14]} Ke5 {[%emt 0:00:15]} 55. Ng6+ {[%emt 0:00:09]} Kf6 {[%emt 0:00:47]} 56. Nf4 {[%emt 0:00:06]} Kf7 {[%emt 0:00:11]} 57. Kc2 {[%emt 0:00:21]} Kf6 {[%emt 0:00:49]} 1/2-1/2

[Event "XLII San Sebastian Open 2019"]
[Site "San Sebastian"]
[Date "2019.04.18"]
[Round "7.2"]
[White "Alshameary Puente, Ismael"]
[Black "Russell, Christopher"]
[Result "1-0"]
[WhiteElo "2425"]
[BlackElo "2178"]
[Annotator "NA"]
[PlyCount "27"]
[EventDate "2019.04.13"]
[EventType "swiss"]
[EventCountry "ESP"]
[SourceTitle "playchess.com"]
[Source "ChessBase"]
[SourceQuality "1"]
[TimeControl "5400+30"]

1. d4 {[%emt 0:00:27]} e6 {[%emt 0:00:00]} 2. c4 {[%emt 0:00:05]} Nf6 {[%emt 0:00:00]} 3. Nc3 {[%emt 0:00:08]} Bb4 {[%emt 0:00:00]} 4. e3 {[%emt 0:00:26]} O-O {[%emt 0:00:00]} 5. Bd3 {[%emt 0:00:43]} c5 {[%emt 0:00:00]} 6. Nge2 {[%emt 0:00:18]} d5 {[%emt 0:01:18]} 7. cxd5 {[%emt 0:01:06]} cxd4 {[%emt 0:00:06]} 8. exd4 {[%emt 0:00:09]} Nxd5 {[%emt 0:00:04]} 9. O-O {[%emt 0:00:07]} Nc6 {[%emt 0:00:38]} 10. Nxd5 {[%emt 0:06:01]} exd5 {[%emt 0:00:24]} 11. Nf4 {[%emt 0:00:31]} Bd6 {[%emt 0:13:44]} 12. Qh5 {[%emt 0:21:57]} g6 {[%emt 0:08:06]} 13. Qh6 {[%emt 0:00:15]} Ne7 {[%emt 0:08:28]} 14. Nh5 {[%emt 0:01:19]} 1-0